000 01420nam a2200349 i 4500
003 EG-GICUC
005 20260121101531.0
008 251222s2005 ua ||||fr|||| 00| 0 ara d
017 _a20044790
020 _a9771713167
040 _a EG-GICUC
_bara
_c EG-GICUC
_d EG-GICUC
_erda
041 0 _aara
082 0 4 _221
_a345.451
_bإ ب . إ
092 0 4 _221
099 _aLaw1 07 345.451 إ ب . إ 1 ed - 2005
100 0 _aإبراهيم المنجي
_eمؤلف.
245 1 0 _aإلغاء الجزاء التاديبي :
_bامام المحاكم التأديبية ومجالس الـتأديب بمجلس الدولة من التظلم الاداري في قرار الجزاء حتى الحكم بالالغاء /
_cإبراهيم المنجي.
250 _aالطبعة الاولى
264 4 _aالاسكندرية :
_bمنشأة المعارف,
_c2005.
300 _a725 صفحة ؛
_c24 سم.
336 _2rda content
_atext
337 _2rda media
_aComputer
338 _2rda carrier
_aOnline Resource
504 _aيحتوي على ارجاعات ببليوجرافية
546 _aالنص باللغة العربية
650 1 4 _aالسلطات التاديبية
_xالقانون الإداري
_2qrmak
650 1 4 _aالجزاء التاديبي
651 1 _2qrmak
856 4 0 _uhttps://fll.law.cu.edu.eg/fulltext/bks/B07-01684.pdf
905 _a75
942 _2ddc
_cBK
_e21
_n0
999 _c52137
_d52137